Pays où l'homosexualité est punie de mort - Statistiques

Statistiques générales
  • Ce quiz a été pris 783 fois
  • Le résultat moyen est 7 sur 11
Statistiques - réponses
Pays punissant l'homosexualité de mort % Correct
Iran
91%
Arabie Saoudite
90%
Yemen
78%
Afghanistan
77%
Qatar
76%
Pakistan
74%
Soudan
60%
Somalie
59%
Mauritanie
44%
Nigeria
44%
Brunei
34%
Aucun quiz correspondant
Distribution des résultats
% des personnes avec chaque résultat
Percentile par nombre de réponses
Votre historique - résultats
Vous n’avez pas pris ce quiz